Routledge companion to digital journalism studies (Record no. 170930)
[ view plain ]
| 000 -LEADER | |
|---|---|
| fixed length control field | 00659nam a2200229Ia 4500 |
| 003 - CONTROL NUMBER IDENTIFIER | |
| control field | OSt |
| 005 - DATE AND TIME OF LATEST TRANSACTION | |
| control field | 20250710190301.0 |
| 008 - FIXED-LENGTH DATA ELEMENTS--GENERAL INFORMATION | |
| fixed length control field | 210423s2019 xx 000 0 und d |
| 020 ## - INTERNATIONAL STANDARD BOOK NUMBER | |
| International Standard Book Number | 978-0-367-20502-7 |
| 040 ## - CATALOGING SOURCE | |
| Transcribing agency | AL |
| 041 ## - LANGUAGE CODE | |
| Language code of text/sound track or separate title | English |
| 082 ## - DEWEY DECIMAL CLASSIFICATION NUMBER | |
| Classification number | 070.4 |
| Item number | FRAR |
| 100 ## - MAIN ENTRY--PERSONAL NAME | |
| Personal name | Bob Franklin |
| 9 (RLIN) | 98006 |
| 245 ## - TITLE STATEMENT | |
| Title | Routledge companion to digital journalism studies |
| 260 ## - PUBLICATION, DISTRIBUTION, ETC. | |
| Place of publication, distribution, etc. | New York |
| Name of publisher, distributor, etc. | Routledge |
| Date of publication, distribution, etc. | 2019 |
| 300 ## - PHYSICAL DESCRIPTION | |
| Extent | xxv,614p. |
| Other physical details | PB |
| Dimensions | 24.5x17.5cm. |
| 365 ## - TRADE PRICE | |
| Price amount | 4162.96 |
| Currency code | INR |
| 650 ## - SUBJECT ADDED ENTRY--TOPICAL TERM | |
| Topical term or geographic name entry element | Journalism & Media |
| 9 (RLIN) | 98007 |
| 700 ## - ADDED ENTRY--PERSONAL NAME | |
| Personal name | Eldrige, Scott A II |
| 9 (RLIN) | 218082 |
| 906 ## - LOCAL DATA ELEMENT F, LDF (RLIN) | |
| a | companion ; digital ; journalism ; Routledge ; studies |
| 942 ## - ADDED ENTRY ELEMENTS (KOHA) | |
| Source of classification or shelving scheme | Dewey Decimal Classification |
| Koha item type | Book |
| Withdrawn status | Lost status | Damaged status | Not for loan | Collection code | Home library | Current library | Date acquired | Source of acquisition | Cost, normal purchase price | Total Checkouts | Total Renewals | Full call number | Barcode | Date last seen | Date last checked out | Price effective from | Koha item type |
|---|---|---|---|---|---|---|---|---|---|---|---|---|---|---|---|---|---|
| MAJMC | St Aloysius PG Library | St Aloysius PG Library | 03/06/2021 | Biblios Book Point | 4162.96 | 3 | 2 | 070.4 FRAR | PG017432 | 04/29/2024 | 01/02/2024 | 04/26/2021 | Book |